000 02271nam0a2200325 i 4500
001 RU\NLR\bibl\2007357
005 20260405102657.0
010 _a9785828506316
_9100
021 _aRU
_b2013-9103
_9665
035 _a(NLR Aleph) 002068922
090 _a4734635
_c4734635
100 _a20130301d2012 u y0rusy50 ca
101 0 _arus
102 _aRU
105 _aa |||||||||
200 1 _aМатериалы для одежды. Клеевые материалы
_eучебное пособие для студентов высших учебных заведений, обучающихся по направлениям подготовки бакалавров и магистров "Технология и конструирование изделий легкой промышленности" (262000, 262200), и специалистов "Технология швейных изделий", "Конструирование швейных изделий" (специальностей 260901, 260902), а также по направлениям подготовки бакалавров "Товароведение" (100800) и "Дизайн" (072500) и специалистов "Товароведение и экспертиза товаров" (080401) и "Дизайн" (070601)
_fБ. А. Бузов, Н. А. Смирнова
_gМ-во образования и науки Рос. Федерации, Костром. гос. технол. ун-т
210 _aКострома
_cИзд-во КГТУ
_d2012
215 _a92 с.
_cил.
_d21
300 _aНа обл.: 80 лет КГТУ
320 _aБиблиогр.: с. 87-88 (26 назв.)
517 0 _aКлеевые материалы
606 _aКлеевые материалы (текст.)
_jУчебные издания для высших учебных заведений
_92161736
_3RU\NLR\auth\661605539
686 _aМ4-35я73-1
700 1 _aБузов
_bБ. А.
_gБорис Александрович
_4070
701 1 _4070
_8rus
_7ca
_aСмирнова
_bН. А.
_cд-р техн. наук
_gНадежда Анатольевна
_3RU\NLR\auth\7738386
_921370
801 0 _aRU
_bNLR
_c20130301
_gRCR
801 1 _aRU
_bNLR
_c20130301
942 _cBOOK
980 _aNBR